000 00525nam a22001697a 4500
005 20260303112919.0
008 260303b |||||||| |||| 00| 0 eng d
020 _a978-9914-51-171-0
050 _aHF 1141 .C 44 2025
100 _aCHEPKWONY, NAOMI
245 _aBOOKLYST MASTER BUSINESS STUDIESD GRADE 10
260 _aNAIROBI,
_bBOOKLYST PRESS LIMITED,
_c2025
300 _a228 P , ILL
650 _aBUSINESS STUDIES- STUDY AND TEACHING (SECONDARY)
700 _aOWINO, NOBERT BUNDE, BERYL
942 _2lcc
_cBK
999 _c216748
_d216748